000 00445nam a2200181Ia 4500
001 16692
005 20260306170329.0
008 260306t2020||||xx |||||||||||||| ||und||
041 _aESP
082 _a349.1071
_bM17
100 _aMaine, Henry Sumner,
_eAUT
245 0 _aHistoria de la enseñanza del derecho romano
260 _c2020
300 _a314 páginas :
_c21 cm.
650 _aGEN
654 _aCDE
942 _cLIB
_dJUS
_fJUS
_2ddc
_n
999 _c16692
_d16692